LEADER 01543nam a2200313 i 4500 001 000000114590 003 CaOOAMICUS 005 20030515000000.0 008 030515s2003 fr u000 u fre u 013 $a87277 020 $a2-204-07170-6 040 $aSeMil$bita 100 1 $aBurnet, Régis,$d<1973- >.$0(OLS)http://semarc/name/47896 245 10$aÉpîtres et lettes 1er-2e siècle :$bde Paul de Tarse à Polycarpe de Smyrne /$cRégis Burnet. 260 $aParis :$bLes Éditions du Cerf,$ccopyr. 2003. 300 $a458 p. ;$c22 cm. 490 0 $aLectio Divin [Cerf]v192 500 $aContiene : Bibliographie raisonnée ; Index de la bibliographie ; Table de la bibliographie. 650 4$aBibbia. Nuovo Testamento. Lettere di Paolo - Commentari, studi, critica, interpretazioni.$0(OLS)http://semarc/subject/935 650 4$aCristianesimo - Origini.$0(OLS)http://semarc/subject/1287 650 4$aEpistolari cristiani.$0(OLS)http://semarc/subject/1101 650 4$aLetteratura cristiana antica.$0(OLS)http://semarc/subject/1197 830 0$aLectio divina ;$v192.$0(OLS)http://semarc/title/8 850 $aSeMil 852 $aSeMil$W1$xVenegono$y1$m2WA K 192$j70146$B70146$CSeMilBibl$Z2$F75131 $81 961 $aSottoscrizione: CELF 996 $6020$a2-204-07170-6$9(OLS)http://semarc/number/97966 996 $6245$aÉpîtres et lettes 1er-2e siècle :$bde Paul de Tarse à Polycarpe de Smyrne$9(OLS)http://semarc/title/167542 996 $6260$aParis :$bLes Éditions du Cerf$9(OLS)http://semarc/publisher/29611 LEADER 01333nam a2200241 i 4500 001 000000196761 003 CaOOAMICUS 005 20110201000000.0 008 110201n it u000 u ita u 013 $a175444 026 $ao.co o-ra too. l'ci (3) 1819 (Q) 040 $aSeMil$bita 245 10$aNuovo metodo facile e sicuro per distogliere le malattie del segno, del giallume ossia gialdone ed altre ne' bachi da seta ... coll'aggiunta di alcune regole da osservarsi nel loro governo del dottore fisico Giuseppe Pettazzi. 260 $aMilano :$bTip. Motta,$c[1819] 300 $a28 p. ;$c8°. 500 $aPer la data presunta cf. Fonti per la storia dell'agricultura italiana (1800-1849). Saggio bibliografico di G. Fumi, p. 112. 700 1 $aPettazzi, Giuseppe.$0(OLS)http://semarc/name/71300 773 0 $t[Miscellanea.$w()5162 850 $aSeMil 852 $aSeMil$W1$xVenegono$y1$m5A I 14/10 FA$j147324$B147324$CSeMilBibl$Z2$F158878 $8I 961 $aLascito: Altro 996 $6245$aNuovo metodo facile e sicuro per distogliere le malattie del segno, del giallume ossia gialdone ed altre ne' bachi da seta ... coll'aggiunta di alcune regole da osservarsi nel loro governo del dottore fisico Giuseppe Pettazzi$9(OLS)http://semarc/title/284103 996 $6260$aMilano :$bTip. Motta$9(OLS)http://semarc/publisher/50907